=LDR 00000nam 2200000 4500 =001 INLIS000000000040541 =005 20130612150114 =008 ***********************************Ind** =035 ##$$0010-061300000040541 =041 ##$$a Ind =082 ##$$a 635.9 =090 ##$$a 635.9 , Lin a =100 ##$$a LINGGA, Lanny =245 ##$$a Anthurium , Lanny Lingga =260 ##$$a 2007 $b Jakarta =300 ##$$a 75 hlm. , ilus , 23 cm =650 ##$$a BUNGA (ANTHURIUM) =850 ##$$a NBPNMAT =990 ##$$a 0001/BPAP-NTB/20142015